A textbook of vector analysis : (Record no. 1276)

MARC details
000 -LEADER
fixed length control field 01130nac a22002651i 4500
003 - CONTROL NUMBER IDENTIFIER
control field EG-ScBUE
005 - DATE AND TIME OF LATEST TRANSACTION
control field 20250315125356.0
008 - FIXED-LENGTH DATA ELEMENTS--GENERAL INFORMATION
fixed length control field 250315s2003 ii a fr 000 0 eng d
020 ## - INTERNATIONAL STANDARD BOOK NUMBER
International Standard Book Number 8121922437
020 ## - INTERNATIONAL STANDARD BOOK NUMBER
International Standard Book Number 9788121922432
040 ## - CATALOGING SOURCE
Original cataloging agency EG-ScBUE
Language of cataloging eng
Description conventions rda
Transcribing agency EG-ScBUE
Modifying agency EG-ScBUE
082 04 - DEWEY DECIMAL CLASSIFICATION NUMBER
Classification number 515.63
Item number NAR
Edition number 22
100 1# - MAIN ENTRY--PERSONAL NAME
Personal name Narayan, Shanti,
Relator term author.
245 12 - TITLE STATEMENT
Title A textbook of vector analysis :
Remainder of title with applications of geometry and statics : for the students of B.A. and B.Sc. (Pass and Hons. courses) /
Statement of responsibility, etc Shanti Narayan, former dean of colleges, and principal, Hans Raj college, university of Delhi ; revised by P. K. Mittal, M.Sc., Ph.D., head of mathematics deptt., Govt. post graduate college Rishikesh.
246 30 - VARYING FORM OF TITLE
Title proper/short title Vector analysis
250 ## - EDITION STATEMENT
Edition statement Revised edition.
264 #1 - PUBLICATION, DISTRIBUTION, ETC. (IMPRINT)
Place of publication, distribution, etc Ram Nagar, New Delhi :
Name of publisher, distributor, etc S. Chand & Company, Ltd.,
Date of publication, distribution, etc 2003.
300 ## - PHYSICAL DESCRIPTION
Extent xv, 391 pages :
Other physical details illustrations ;
Dimensions 24 cm.
336 ## - CONTENT TYPE
Source rdacontent
Content type term text
Content type code txt
337 ## - MEDIA TYPE
Media type term unmediated
Source rdamedia
Media type code n
338 ## - CARRIER TYPE
Carrier type term volume
Carrier type code nc
Source rdacarrier
650 #7 - SUBJECT ADDED ENTRY--TOPICAL TERM
Topical term or geographic name as entry element Vector analysis.
Source of heading or term BUEsh
700 1# - ADDED ENTRY--PERSONAL NAME
Personal name Mittal, P. K.,
Relator term editor.
942 ## - ADDED ENTRY ELEMENTS (KOHA)
Koha item type Book - Borrowing
Call number prefix 515.63N2186
Source of classification or shelving scheme Dewey Decimal Classification
Holdings
Withdrawn status Lost status Source of classification or shelving scheme Damaged status Not for loan Collection code Home library Current library Shelving location Date acquired Cost, normal purchase price Total Checkouts Full call number Barcode Date last seen Cost, replacement price Price effective from Koha item type Source of acquisition Total Renewals Date checked out
    Dewey Decimal Classification     Baccah Central Library Central Library First floor 30/08/2006 40.00   515.63 NAR 000003199 15/07/2025 50.00 30/08/2006 Book - Borrowing      
    Dewey Decimal Classification       Central Library Central Library First floor 30/08/2006 40.00 1 515.63 NAR 000003198 15/07/2025 50.00 30/08/2006 Book - Borrowing   3 22/11/2009